[Event "Titled Tuesday intern op 09th Jan Early"]
[Site "Chess.com INT"]
[Date "2024.01.09"]
[Round "2"]
[White "Dyachuk, Artem"]
[Black "Khegay, Yuliya"]
[Result "1-0"]
[WhiteElo "2240"]
[BlackElo "1798"]
[PlyCount "71"]
[EventDate "2024.01.09"]
[EventType "swiss (blitz)"]
[EventRounds "11"]
[EventCountry "USA"]
[SourceTitle "CB03_2024"]
[SourceDate "2024.01.17"]
[SourceVersion "1"]
[SourceVersionDate "2024.01.17"]
[SourceQuality "1"]

1. e4 c5 2. Nf3 Nc6 3. Bb5 g6 4. 0-0 Bg7 5. c3 Nf6 6. Re1 0-0 7. d4 cxd4 8. e5 Nd5 9. cxd4 d6 10. exd6 Qxd6 11. Nc3 Nxc3 12. bxc3 a6 13. Bxc6 Qxc6 14. Qd2 Be6 15. Ba3 Rfe8 16. Rac1 Bd5 17. Ne5 Bxe5 18. Rxe5 Bxg2 19. d5 Qf6 20. Rce1 Bh3 21. Qe3 Qh4 22. Bxe7 Qg4+ 23. Qg3 Qxg3+ 24. hxg3 Rac8 25. R1e3 Bd7 26. d6 Be6 27. Rxe6 fxe6 28. d7 Rcd8 29. dxe8Q+ Rxe8 30. Bc5 Kf7 31. Bd4 Rc8 32. Rf3+ Ke7 33. Kg2 Rc6 34. Rf4 e5 35. Bxe5 Re6 36. Bd4 1-0

[Event "Titled Tuesday intern op 09th Jan Early"]
[Site "Chess.com INT"]
[Date "2024.01.09"]
[Round "7"]
[White "Dyachuk, Artem"]
[Black "Shimanov, Aleksandr"]
[Result "0-1"]
[WhiteElo "2240"]
[BlackElo "2578"]
[PlyCount "147"]
[EventDate "2024.01.09"]
[EventType "swiss (blitz)"]
[EventRounds "11"]
[EventCountry "USA"]
[SourceTitle "CB03_2024"]
[SourceDate "2024.01.17"]
[SourceVersion "1"]
[SourceVersionDate "2024.01.17"]
[SourceQuality "1"]

1. e4 a6 2. d4 b5 3. Bd3 Bb7 4. c3 e6 5. Nf3 Nf6 6. Nbd2 c5 7. 0-0 cxd4 8. cxd4 Be7 9. e5 Nd5 10. Ne4 h6 11. a4 Qb6 12. Bd2 Nc6 13. Qe2 Nxd4 14. Nxd4 Qxd4 15. axb5 axb5 16. Bxb5 Qxe5 17. Bxd7+ Kf8 18. Rxa8+ Bxa8 19. Qa6 Qb8 20. Ra1 Nc7 21. Qc4 Bd5 22. Qd4 Nb5 23. Bxb5 Qxb5 24. Nc3 Qc6 25. Nxd5 exd5 26. Rc1 Qe6 27. Re1 Qd7 28. Bc3 f6 29. Rd1 Kf7 30. Qxd5+ Qxd5 31. Rxd5 Ra8 32. g3 Ke6 33. Rd1 h5 34. Re1+ Kf7 35. Kg2 g5 36. Re4 Rb8 37. h4 Rb5 38. Kf1 g4 39. Ke2 Rf5 40. Rf4 Rxf4 41. gxf4 f5 42. b4 Ke6 43. b5 Kd5 44. b6 Kc6 45. Bd4 Bxh4 46. Kd3 Be7 47. Be3 h4 48. Ke2 h3 49. Kf1 Bd8 50. f3 g3 51. Bf2 gxf2 52. Kxf2 Bxb6+ 53. Kg3 Kd5 54. Kxh3 Be3 55. Kg3 Bd2 56. Kf2 Bxf4 57. Ke2 Ke5 58. Kd3 Bg5 59. Kc4 Kf4 60. Kd3 Kxf3 61. Kd4 f4 62. Kd5 Kg3 63. Kc6 f3 64. Kd5 f2 65. Kc6 f1Q 66. Kd5 Qf3+ 67. Kd6 Kf4 68. Kd7 Qe4 69. Kd6 Qe5+ 70. Kd7 Qe7+ 71. Kc8 Ke5 72. Kb8 Kd5 73. Ka8 Kc6 74. Kb8 0-1

[Event "Titled Tuesday intern op 19th Dec Early"]
[Site "Chess.com INT"]
[Date "2023.12.19"]
[Round "11"]
[White "Parpiev, Isaak"]
[Black "Dyachuk, Artem"]
[Result "1-0"]
[WhiteElo "2205"]
[BlackElo "2233"]
[PlyCount "75"]
[EventDate "2023.12.19"]
[EventType "swiss (blitz)"]
[EventRounds "11"]
[EventCountry "USA"]
[SourceTitle "CB52_2023"]
[SourceDate "2023.12.27"]
[SourceVersion "1"]
[SourceVersionDate "2023.12.27"]
[SourceQuality "1"]

1. e4 e5 2. Nf3 Nc6 3. Nc3 Nf6 4. a3 g6 5. Bc4 Bg7 6. d3 0-0 7. Be3 d6 8. h3 Be6 9. Qd2 d5 10. exd5 Nxd5 11. 0-0 Nxe3 12. Qxe3 Nd4 13. Bxe6 fxe6 14. Nxd4 exd4 15. Qxe6+ Kh8 16. Ne4 Rf5 17. Rae1 Qf8 18. Ng3 Rb5 19. b4 a5 20. Qd7 c6 21. f4 axb4 22. f5 Qd8 23. Qf7 Qf6 24. fxg6 Qxg6 25. Qxg6 hxg6 26. axb4 Rxb4 27. Rf7 Rf8 28. Rd7 b6 29. Re6 Bf6 30. Ne4 Bg7 31. Rxc6 Rb1+ 32. Kh2 Be5+ 33. g3 Re1 34. h4 Re2+ 35. Kh3 b5 36. Rxg6 Rxc2 37. Rh6+ Kg8 38. Rh5 1-0

[Event "Titled Tuesday intern op 24th Oct Late"]
[Site "Chess.com INT"]
[Date "2023.10.24"]
[Round "2"]
[White "Dyachuk, Artem"]
[Black "Ghosh, Chanchal Kumer"]
[Result "1-0"]
[WhiteElo "2236"]
[BlackElo "2026"]
[PlyCount "71"]
[EventDate "2023.10.24"]
[EventType "swiss (blitz)"]
[EventRounds "11"]
[EventCountry "USA"]
[SourceTitle "Mega2024 Update 01"]
[Source "Chessbase"]
[SourceDate "2023.11.12"]
[SourceVersion "1"]
[SourceVersionDate "2023.11.12"]
[SourceQuality "1"]

1. e4 c5 2. Nf3 d6 3. d4 cxd4 4. Nxd4 Nf6 5. Nc3 a6 6. h4 e5 7. Nb3 Be6 8. f4 exf4 9. Bxf4 Nbd7 10. Qd2 Ne5 11. 0-0-0 Be7 12. Nd4 Rc8 13. Kb1 0-0 14. Nf5 Rxc3 15. Qxc3 Nxe4 16. Nxe7+ Qxe7 17. Qe1 f5 18. Bxe5 dxe5 19. Bd3 Nc5 20. Qxe5 Bxa2+ 21. Kxa2 Qxe5 22. Rhe1 Qd5+ 23. Kb1 Nxd3 24. Rxd3 Qxg2 25. Re5 h6 26. h5 Rc8 27. c3 Qf1+ 28. Kc2 Qf2+ 29. Rd2 Qf3 30. Rdd5 Rf8 31. Rd7 Qg2+ 32. Kb3 f4 33. Rd1 f3 34. Ree1 f2 35. Rf1 Qd5+ 36. Rxd5 1-0

[Event "Titled Tuesday intern op 24th Oct Late"]
[Site "Chess.com INT"]
[Date "2023.10.24"]
[Round "3"]
[White "Dyachuk, Artem"]
[Black "Mikaelyan, Arman"]
[Result "0-1"]
[WhiteElo "2236"]
[BlackElo "2526"]
[PlyCount "84"]
[EventDate "2023.10.24"]
[EventType "swiss (blitz)"]
[EventRounds "11"]
[EventCountry "USA"]
[SourceTitle "Mega2024 Update 01"]
[Source "Chessbase"]
[SourceDate "2023.11.12"]
[SourceVersion "1"]
[SourceVersionDate "2023.11.12"]
[SourceQuality "1"]

1. e4 e5 2. Nf3 Nc6 3. Bc4 Bc5 4. c3 d6 5. 0-0 Nf6 6. d3 0-0 7. Bg5 h6 8. Bh4 g5 9. Bg3 Bb6 10. Bb3 Ne7 11. Nbd2 Ng6 12. Bc2 Nh5 13. Kh1 g4 14. Ng1 Qg5 15. Nc4 Nhf4 16. Ne2 h5 17. f3 h4 18. Bxf4 exf4 19. Ng1 h3 20. gxh3 g3 21. Qd2 Be3 22. Nxe3 fxe3 23. Qg2 Kg7 24. Qxg3 Qh5 25. f4 f5 26. Qxe3 Bd7 27. e5 Bc6+ 28. Nf3 Nh4 29. Bd1 Kh7 30. Rg1 Nxf3 31. Rg3 Rg8 32. Rxf3 Qxh3 33. Qf2 Rg4 34. Be2 Rag8 35. exd6 Rxf4 36. Rf1 cxd6 37. d4 Be4 38. d5 Rg5 39. c4 Rh5 40. Rg1 Rxf3 41. Bxf3 Qxf3+ 42. Rg2 Qxf2 0-1

[Event "Berlin Radtke Memorial op"]
[Site "Berlin"]
[Date "2023.10.24"]
[Round "2"]
[White "Dyachuk, Artem"]
[Black "Schmidek, Emil"]
[Result "0-1"]
[WhiteElo "2236"]
[BlackElo "2433"]
[PlyCount "90"]
[EventDate "2023.10.23"]
[EventType "swiss"]
[EventRounds "9"]
[EventCountry "GER"]
[SourceTitle "Mega2024 Update 01"]
[Source "Chessbase"]
[SourceDate "2023.11.12"]
[SourceVersion "1"]
[SourceVersionDate "2023.11.12"]
[SourceQuality "1"]

1. e4 c6 2. Nf3 d5 3. Nc3 Bg4 4. h3 Bxf3 5. Qxf3 e6 6. d3 Nd7 7. Bd2 Qb6 8. 0-0-0 Bd6 9. exd5 cxd5 10. d4 a6 11. Bf4 Ne7 12. h4 Rc8 13. Rh3 Bxf4+ 14. Qxf4 Qc7 15. Qd2 Nb6 16. Re1 h6 17. h5 Nc4 18. Bxc4 Qxc4 19. b3 Qb4 20. Rd3 0-0 21. g4 Rc6 22. Rg1 Rfc8 23. Rgg3 Qa5 24. Kb1 Qc7 25. Ka1 e5 26. g5 e4 27. gxh6 exd3 28. Rxg7+ Kf8 29. Rg3 Ke8 30. h7 Kd7 31. Qxd3 Rxc3 32. Qxc3 Qxc3+ 33. Rxc3 Rh8 34. Kb2 Rxh7 35. Rh3 Nf5 36. c4 Ng7 37. h6 Nf5 38. Rh5 Ke6 39. cxd5+ Kf6 40. Kc3 Rxh6 41. Rxh6+ Nxh6 42. Kc4 b6 43. a4 Nf5 44. a5 bxa5 45. Kc5 Ke7 0-1